000 00329nam a2200121Ia 4500
008 220217s9999||||xx |||||||||||||| ||und||
082 _a621.385 1 NEM
100 _aNeaman, Donald
_93165
245 0 _aSemiconductor physics and devices
260 _aTata mcgraw hill
_bNew Delhi
_c2004
300 _b325
650 _aCIRCUITRY
999 _c170980
_d170980